LA LIGA PLAYER OF THE MONTH - Statistics

General Stats
  • This quiz has been taken 50 times
  • The average score is 6 of 10
Answer Stats
Main club, position, how many they won Answer % Correct
Barcelona, Forward, 7 Lionel Messi
98%
Atlético Madrid, forward, 6 * Antoine Griezmann
90%
Barcelona, Forward, 4 Luis Suarez
90%
Real Madrid, Forward 3 * Cristiano Ronaldo
88%
Atlético Madrid, Defender 2 * Diego Godin
69%
Atlético Madrid, Midfielder, 2 Koke
54%
Celta Vigo, Forward, 3 Iago Aspas
31%
Sevilla, Forward, 2 Nolito
21%
Athletic Bilbao, Forward, 2 Aritz Aduriz
8%
Read Sociedad, Forward, 2 * Carlos Vela
4%
No matching quizzes found
Score Distribution
Percent of People with Each Score
Percentile by Number Answered
Your Score History
You have not taken this quiz